Nursing Research; (Record no. 6335)
[ view plain ]
| 000 -LEADER | |
|---|---|
| fixed length control field | 00497nam a22001937a 4500 |
| 003 - CONTROL NUMBER IDENTIFIER | |
| control field | OSt |
| 005 - DATE AND TIME OF LATEST TRANSACTION | |
| control field | 20190927155117.0 |
| 008 - FIXED-LENGTH DATA ELEMENTS--GENERAL INFORMATION | |
| fixed length control field | 190927b ||||| |||| 00| 0 eng d |
| 020 ## - INTERNATIONAL STANDARD BOOK NUMBER | |
| International Standard Book Number | 0397548206 |
| 040 ## - CATALOGING SOURCE | |
| Transcribing agency | DNLM |
| 082 ## - DEWEY DECIMAL CLASSIFICATION NUMBER | |
| Classification number | WY 20.5 p759m 1991. |
| 100 ## - MAIN ENTRY--PERSONAL NAME | |
| Personal name | Polit,Denis F. |
| 9 (RLIN) | 12961 |
| 245 ## - TITLE STATEMENT | |
| Title | Nursing Research; |
| Remainder of title | Principles and Methods. |
| 250 ## - EDITION STATEMENT | |
| Edition statement | 4th ed. |
| 300 ## - PHYSICAL DESCRIPTION | |
| Extent | xiv,697p; |
| Other physical details | ill, |
| Dimensions | 25cm. |
| 504 ## - BIBLIOGRAPHY, ETC. NOTE | |
| Bibliography, etc | includes glossary and index. |
| 650 ## - SUBJECT ADDED ENTRY--TOPICAL TERM | |
| Topical term or geographic name as entry element | Nursing. |
| 9 (RLIN) | 135 |
| 942 ## - ADDED ENTRY ELEMENTS (KOHA) | |
| Source of classification or shelving scheme | Other/Generic Classification Scheme |
| Koha item type | Open Shelf |
| Withdrawn status | Lost status | Source of classification or shelving scheme | Damaged status | Not for loan | Home library | Current library | Date acquired | Source of acquisition | Inventory number | Total Checkouts | Full call number | Barcode | Date last seen | Date last checked out | Price effective from | Koha item type |
|---|---|---|---|---|---|---|---|---|---|---|---|---|---|---|---|---|
| Dewey Decimal Classification | MUST Main Library | MUST Main Library | 27/09/2019 | Donation | 99/13262 | 1 | WY 20.5 p759m 1991. | 2019-0482 | 05/12/2019 | 27/09/2019 | 27/09/2019 | Open Shelf |
